LEADER 01541nam2 22003013i 450 001 SUN0082283 005 20180619023730.749 010 $d0.00 100 $a20110301d1989 |0itac50 ba 101 $aita 102 $aIT 105 $a|||| ||||| 200 1 $a<<*Ecologia$eatti del terzo Congresso nazionale della Società italiana di ecologia, unitamente alla Société française d'ecologie>> 2$fa cura di Giuseppe Montalenti, Aristeo Renzoni, Aldo Anelli 210 $aParma$cZara$d1989 215 $a549-1134 p.$cill.$d30 cm. 461 1$1001SUN0082279$12001 $a*Ecologia$eatti del terzo Congresso nazionale della Società italiana di ecologia, unitamente alla Société française d'ecologie$fa cura di Giuseppe Montalenti, Aristeo Renzoni, Aldo Anelli$v2$1210 $aParma$cZara$d1989$1215 $a2 volumi$d30 cm. 620 $dParma$3SUNL000121 676 $a577$cEcologia$v22 702 1$aMontalenti$b, Giuseppe$3SUNV011670 702 1$aAnelli$b, Aldo$3SUNV017363 702 1$aRenzoni$b, Aristeo$3SUNV068151 712 $aZara$3SUNV002594$4650 801 $aIT$bSOL$c20181109$gRICA 912 $aSUN0082283 950 $aUFFICIO DI BIBLIOTECA DEL DIPARTIMENTO DI SCIENZE E TECNOLOGIE AMBIENTALI BIOLOGICHE E FARMACEUTICHE$d17 CONS Ea33/7-2 $e17 OM 45 995 $aUFFICIO DI BIBLIOTECA DEL DIPARTIMENTO DI SCIENZE E TECNOLOGIE AMBIENTALI BIOLOGICHE E FARMACEUTICHE$bIT-CE0101$gOM$h45$kCONS Ea33/7-2$oc$qa 996 $aEcology$959519 997 $aUNICAMPANIA LEADER 04738nam 2200745 450 001 9910822398503321 005 20201023111955.0 010 $a1-84788-095-9 024 7 $a10.5040/9781350044609 035 $a(CKB)1000000000411080 035 $a(MH)009972539-8 035 $a(SSID)ssj0000100881 035 $a(PQKBManifestationID)11121995 035 $a(PQKBTitleCode)TC0000100881 035 $a(PQKBWorkID)10037226 035 $a(PQKB)10148135 035 $a(MiAaPQ)EBC4636332 035 $a(MiAaPQ)EBC5730759 035 $a(Au-PeEL)EBL5730759 035 $a(OCoLC)1103218952 035 $a(OCoLC)1170361524 035 $a(CaBNVSL)mat50044609 035 $a(CaBNVSL)9781350044609 035 $a(EXLCZ)991000000000411080 100 $a20201023h20202006 uy 0 101 0 $aeng 135 $aurcn||||||||| 181 $ctxt 182 $cc 183 $acr 200 00$aAlcohol $ea social and cultural history /$fedited by Mack P. Holt 205 $aEnglish edition. 210 1$aLondon, England :$cBerg,$d2006. 210 2$aLondon, England :$cBloomsbury Publishing,$d2020 215 $a1 online resource (ix, 246 p. ) 300 $aBibliographic Level Mode of Issuance: Monograph 311 $a1-84520-166-3 311 $a1-84520-165-5 320 $aIncludes bibliographical references and index. 327 $aTo your health : wine as food and medicine in mid-sixteenth-century Italy / Ken Albala -- Europe divided : wine, beer, and the Reformation in sixteenth-century Europe / Mack P. Holt -- In the public sphere : efforts to curb the consumption of rum in Connecticut, 1760-1820 / David W. Conroy -- In vino veritas : the construction of alcoholic disease in liberal Italy, 1880-1914 / Paul A. Garfinkel -- Mon docteur le vin : wine and health in France, 1900-1950 / Kim Munholland -- Drinking and alehouses in the diary of an English mercer's apprentice, 1663-1674 / A. Lynn Martin -- Taverns and the public sphere in the French Revolution / Thomas Brennan -- Drink, sociability, and social class in France, 1789-1945 : the emergence of a proletarian public sphere / W. Scott Haine -- The lore of the brotherhood : continuity and change in urban American saloon culture, 1870-1920 / Madelon M. Powers -- "To the king o'er the water" : Scotland and claret, c. 1660-1763 / Charles Cameron Ludington -- Revenue and revelry on tap : the Russian tavern / Patricia Herlihy -- Drinking the good life : Australia c. 1880-1980 / Diane Kirkby -- Kaleidoscope in motion : drinking in the United States, 1400-2000 / Jack S. Blocker, Jr. 330 8 $aWhy are we so ambivalent about alcohol? Are we torn between our love of a drink and the need to restrict, or even prohibit, alcohol? How did saloon culture arise in the United States? Why did wine become such a ubiquitous part of French culture?Alcohol: A Social and Cultural History examines these questions and many more as it considers how drink has evolved in its functions and uses from the late Middle Ages to the present day in the West. Alcohol has long played an important role in societies throughout history, and understanding its consumption can reveal a great deal about a culture. This book discusses a range of issues, including domestic versus recreational use, the history of alcoholism, and the relationship between alcohol and violence, religion, sexuality, and medicine. It looks at how certain forms of alcohol speak about class, gender and place. Drawing on examples from Europe, North America and Australia, this book provides an overview of the many roles alcohol has played over the past five centuries. 606 $aDrinking of alcoholic beverages$xHistory 606 $aAlcoholism$xHistory 606 $aBars (Drinking establishments)$xHistory 606 $aAlcohol Drinking$xhistory 606 $aAlcoholism$xhistory 606 $aAlcoholic Beverages$xhistory 606 $aGeneral & world history$2bicssc 615 0$aDrinking of alcoholic beverages$xHistory. 615 0$aAlcoholism$xHistory. 615 0$aBars (Drinking establishments)$xHistory. 615 2$aAlcohol Drinking$xhistory. 615 2$aAlcoholism$xhistory. 615 2$aAlcoholic Beverages$xhistory. 615 7$aGeneral & world history 676 $a394.1/309 702 $aHolt$b Mack P. 801 0$bCOO 801 1$bCaBNVSL 801 2$bCaBNVSL 906 $aBOOK 912 $a9910822398503321 996 $aAlcohol$91896268 997 $aUNINA 999 $aThis Record contains information from the Harvard Library Bibliographic Dataset, which is provided by the Harvard Library under its Bibliographic Dataset Use Terms and includes data made available by, among others the Library of Congress